MARC details
| 000 -CABECERA |
| campo de control de longitud fija |
01309nam a2200253 a 4500 |
| 001 - NÚMERO DE CONTROL |
| campo de control |
000028908 |
| 005 - FECHA Y HORA DE LA ÚLTIMA TRANSACCIÓN |
| campo de control |
20200930055218.0 |
| 008 - DATOS DE LONGITUD FIJA--INFORMACIÓN GENERAL |
| campo de control de longitud fija |
110412s1958 dr r 000 0 spa d |
| 040 ## - FUENTE DE LA CATALOGACIÓN |
| Centro catalogador/agencia de origen |
DO-SdBNP |
| Lengua de catalogación |
spa |
| Centro/agencia transcriptor |
BNPHU |
| 082 ## - NÚMERO DE LA CLASIFICACIÓN DECIMAL DEWEY |
| Número de clasificación |
725.94 |
| Número de documento/Ítem |
S366A |
| 100 1# - ENTRADA PRINCIPAL--NOMBRE DE PERSONA |
| Nombre de persona |
Schoenrich, Otto |
| 9 (RLIN) |
1706 |
| 245 13 - MENCIÓN DE TÍTULO |
| Título |
El Alcázar de Diego Colón : páginas de su historia = |
| Resto del título |
History of the palace of Diego Columbus in ciudad Trujillo República Dominicana / |
| Mención de responsabilidad, etc. |
Otto Schoenrich. |
| 246 21 - FORMA VARIANTE DE TÍTULO |
| Título propio/Titulo breve |
History of the palace of Diego Columbus in ciudad Trujillo República Dominicana |
| 260 ## - PUBLICACIÓN, DISTRIBUCIÓN, ETC. |
| Lugar de publicación, distribución, etc. |
Ciudad Trujillo, República Dominicana : |
| Nombre del editor, distribuidor, etc. |
Comité Ejecutivo Permanente del Faro de Colón : |
| -- |
Pol Hermanos, |
| Fecha de publicación, distribución, etc. |
1958. |
| 300 ## - DESCRIPCIÓN FÍSICA |
| Extensión |
50 p ; |
| Dimensiones |
23 cm. |
| 563 ## - NOTA DE ENCUADERNACIÓN |
| Nota de encuadernación |
Dos obras encuadernadas juntas con paginación contínua |
| 590 ## - NOTA LOCAL (RLIN) |
| Nota local |
Inventariado, 2018/LP |
| 600 14 - PUNTO DE ACCESO ADICIONAL DE MATERIA--NOMBRE DE PERSONA |
| Nombre de persona |
COLÓN, DIEGO |
| Fechas asociadas al nombre |
1479-1526 |
| 9 (RLIN) |
55868 |
| 610 14 - PUNTO DE ACCESO ADICIONAL DE MATERIA--NOMBRE DE ENTIDAD CORPORATIVA |
| Nombre de entidad corporativa o nombre de jurisdicción como elemento de entrada |
ALCÁZAR DE DIEGO DE COLÓN (SANTO DOMINGO, REPÚBLICA DOMINICANA) |
| Unidad subordinada |
PALACIO DE COLÓN |
| 9 (RLIN) |
55869 |
| 650 #4 - PUNTO DE ACCESO ADICIONAL DE MATERIA--TÉRMINO DE MATERIA |
| Término de materia o nombre geográfico como elemento de entrada |
Monumentos historicos |
| Subdivisión general |
Conservación y restauración |
| Subdivisión geográfica |
República Dominicana |
| 9 (RLIN) |
52570 |
| 650 #4 - PUNTO DE ACCESO ADICIONAL DE MATERIA--TÉRMINO DE MATERIA |
| Término de materia o nombre geográfico como elemento de entrada |
Edificios historicos |
| Subdivisión general |
Conservación y restauración |
| 9 (RLIN) |
2682 |
| 700 12 - PUNTO DE ACCESO ADICIONAL--NOMBRE DE PERSONA |
| Nombre de persona |
Schoenrich, Otto |
| Título de la obra |
History of the palace of Diego Columbus in ciudad Trujillo República Dominicana |
| 9 (RLIN) |
55870 |
| 910 ## - DATOS DE OPCIÓN DEL USUARIO (OCLC) |
| Datos de opción del usuario |
Validado. Control de calidad MFF |